000 00361nam a2200133Ia 4500
005 20260328101443.0
008 260328s9999||||xx |||||||||||||| ||und||
100 _aNorberg-Schulz, Christian
245 0 _aIntenciones en Arquitectura /
_cChristian Norberg-Schulz
260 _bGustavo Gili
300 _a241 p.
650 _aARQUITECTURA - ELEMENTOS
942 _cBK
999 _c8341
_d8341